Loading...
Biology of seaweeds
| Main Author: | |
|---|---|
| Other Authors: | |
| Format: | Printed Book |
| Language: | Undetermined English |
| Published: |
London
Blackwell Scientific Publications
`1981
|
| Edition: | 1 |
| Subjects: |
| LEADER | 00633nam a2200205Ia 4500 | ||
|---|---|---|---|
| 008 | 140306s9999 xx 000 0 und d | ||
| 041 | |a eng | ||
| 082 | |a 632 .58 |b LOB/BI | ||
| 100 | |a Lobban, C S | ||
| 700 | |a Wyne, M J | ||
| 245 | |a Biology of seaweeds | ||
| 250 | |a 1 | ||
| 260 | |a London |b Blackwell Scientific Publications |c `1981 | ||
| 300 | |a 786 | ||
| 365 | |b UKP.45.00 | ||
| 440 | |v Botanical monographs | ||
| 650 | |a Weed Science | ||
| 942 | |2 ddc |c BK | ||
| 999 | |c 122257 |d 122257 | ||
| 952 | |0 0 |1 0 |2 ddc |4 0 |6 632__580000000000000_LOBBI |7 0 |9 121733 |a KAUHCV |b KAUHCV |d 2004-05-13 |g 45.00 |o 632 .58 LOB/BI |p KAU_HCV-15952 |r 2014-03-22 |w 2014-03-22 |y BK | ||